GSM and UMTS :the creation of global mobile communication (Record no. 139698)

000 -LEADER
fixed length control field 00281nmm a2200097Ia 4500
008 - FIXED-LENGTH DATA ELEMENTS--GENERAL INFORMATION
fixed length control field 220120s9999||||xx |||||||||||||||||und||
020 ## - INTERNATIONAL STANDARD BOOK NUMBER
International Standard Book Number 0-07-118996-3
100 ## - MAIN ENTRY--PERSONAL NAME
Personal name Hillebrand, Friedhelm
9 (RLIN) 8145
245 #0 - TITLE STATEMENT
Title GSM and UMTS :the creation of global mobile communication
260 ## - PUBLICATION, DISTRIBUTION, ETC.
Name of publisher, distributor, etc. Boston
Holdings
Withdrawn status Lost status Damaged status Not for loan Home library Current library Date acquired Barcode Date last seen Price effective from Koha item type
        Central Library Central Library 01/20/2022 CD1249 01/20/2022 01/20/2022 Compact Disc

Powered by Koha